000
00316nam a2200145Ia 4500
100
_a
Rangan/Sarma Mani
942
_c
BK
654
_a
instrumentation
245
_a
Instrumentation
260
_b
Tata Mc Graw hill
_a
New Delhi
_c
1983
082
_a
620.0028
_b
RAN
300
_a
529
546
_a
ENGLISH
999
_c
18405
_d
18405